|
|
|
|
| LEADER |
01584nam a2200301 a 4500 |
| 001 |
2582976 |
| 008 |
110130s1997 nyua b 001 0 eng d |
| 010 |
|
|
|a 96077621
|
| 020 |
|
|
|a 0070390614
|
| 040 |
|
|
|a DLC
|c DLC
|d BD-DhAAL
|
| 082 |
0 |
0 |
|a 658.4/038/011
|2 21
|
| 100 |
1 |
|
|a Lucas, Henry C.
|
| 245 |
1 |
0 |
|a Information technology for management /
|c Henry C. Lucas, Jr.
|
| 250 |
|
|
|a 6th ed.
|
| 260 |
|
|
|a New York :
|b McGraw-Hill,
|c c1997.
|
| 300 |
|
|
|a xix, 714 p. :
|b ill. ;
|c 24 cm.
|
| 500 |
|
|
|a Rev. ed. of: Information systems concepts for management. 5th ed. c1994.
|
| 504 |
|
|
|a Includes bibliographical references (p. 690-693) and index.
|
| 541 |
1 |
|
|e 00007859
|
| 650 |
|
0 |
|a Management information systems.
|
| 650 |
|
0 |
|a Information technology
|x Management.
|
| 700 |
1 |
|
|a Lucas, Henry C.
|t Information systems concepts for management.
|
| 852 |
|
|
|a Ayesha Abed Library
|c General Shelf.
|
| 999 |
|
|
|c 10417
|d 10417
|
| 952 |
|
|
|0 0
|1 0
|2 ddc
|4 0
|6 658_403801100000000_LUC
|7 0
|9 14287
|a BRACUL
|b BRACUL
|c GEN
|d 2011-01-31
|l 0
|o 658.4038011 LUC
|p 3010007859
|r 2011-01-31
|t 1
|w 2011-01-31
|y BK
|
| 952 |
|
|
|0 0
|1 0
|2 ddc
|4 0
|6 658_403801100000000_LUC
|7 0
|9 14288
|a BRACUL
|b BRACUL
|c GEN
|d 2011-01-31
|l 0
|o 658.4038011 LUC
|p 3010007860
|r 2011-01-31
|t 2
|w 2011-01-31
|y BK
|
| 952 |
|
|
|0 0
|1 0
|2 ddc
|4 0
|6 658_403801100000000_LUC
|7 0
|9 53791
|a SCL
|b SCL
|c GEN
|d 2015-05-21
|e Gift: The Asia Foundation
|l 0
|o 658.4038011 LUC
|p 3020003006
|r 2015-05-21
|t 3
|w 2015-05-21
|y BK
|
| 952 |
|
|
|0 0
|1 0
|2 ddc
|4 0
|6 658_403801100000000_LUC
|7 0
|9 53988
|a SCL
|b SCL
|c GEN
|d 2015-06-01
|e Gift: The Asia Foundation
|l 0
|o 658.4038011 LUC
|p 3020003005
|r 2015-06-01
|t 4
|w 2015-06-01
|y BK
|